000 00581nam a2200217Ia 4500
003 OSt
005 20220928140905.0
006 a|||||r|||| 00| 0
007 ta
008 220927b |||||||| |||| 00| 0 eng d
024 _a12347
037 _cTextual
040 _aSDCL
_cSDCL
_beng
041 _2eng
_aeng
082 _aB28931, N7
100 _aStancu-Minasian I M
_9498078
245 0 _aFractional programming
_b Theory, methods and applications.
260 _c1997
942 _hB28931, N7
_cTEXL
_2CC
999 _c814756
_d814756